Desafíos actuales del derecho privado.
Saved in:
| Hovedforfatter: | |
|---|---|
| Andre forfattere: | |
| Format: | Ukendt |
| Sprog: | engelsk |
| Udgivet: |
Santiago, Chile:
Thomson Reuters,
2023.
|
| Udgivelse: | 1º edición. |
| Serier: | Monografías.
|
| Fag: | |
| Tags: |
Tilføj Tag
Ingen Tags, Vær først til at tagge denne postø!
|
MARC
| LEADER | 00000 a2200000 4500 | ||
|---|---|---|---|
| 003 | CL-VaPUC | ||
| 005 | 20240813113110.0 | ||
| 008 | 240117t2023 ||||| |||| 00| 0 eng d | ||
| 999 | |c 442963 |d 442961 | ||
| 020 | |a 978-956-400-415-0 | ||
| 040 | |c Pontificia Universidad Católica de Valparaíso | ||
| 082 | |2 22 |a 346.0026 MAR 2023 | ||
| 100 | |a Martínez Montenegro, Isnel |e autor |9 890659 | ||
| 245 | |a Desafíos actuales del derecho privado. | ||
| 250 | |a 1º edición. | ||
| 260 | |a Santiago, Chile: |b Thomson Reuters, |c 2023. | ||
| 300 | |a 281 páginas. | ||
| 490 | |a Monografías. | ||
| 583 | |k GC |c 20240117 | ||
| 611 | 0 | |9 887205 |a Congreso Internacional de Derecho Privado |e Universidad Católica de Temuco |e Universidad Gabriela Mistral |d 2022 |v Reflexiones | |
| 650 | 0 | |9 258243 |a Derecho privado |x Jurisprudencia | |
| 700 | |9 887204 |a Casazola Ccama, Juan |e editor | ||
| 942 | |2 ddc |c BK | ||
| 952 | |0 0 |1 0 |2 ddc |4 0 |6 346_002600000000000_MAR_2023 |7 0 |8 A |9 593350 |a BIBDER |b BIBDER |d 2024-01-12 |e 31 |g 0.00 |i 5660169 |o 346.0026 MAR 2023 |p 5660169 |r 2024-01-12 |t 1 |v 0.00 |w 2024-01-12 |y BK |k DER | ||